UITU Library & LRC     

Home Automation with Power Consumption (CODE BOOK) (Record no. 32329)

MARC details
000 -LEADER
fixed length control field 00454nam a2200133Ia 4500
008 - FIXED-LENGTH DATA ELEMENTS--GENERAL INFORMATION
fixed length control field 260210s9999 xx 000 0 und d
024 ## - OTHER STANDARD IDENTIFIER
Standard number or code 15B-051-BS, 15B-003-BS & 15B-058-BS
082 ## - DEWEY DECIMAL CLASSIFICATION NUMBER
Classification number 004.39072 AHM
100 ## - MAIN ENTRY--PERSONAL NAME
Personal name Ahmed Abdullah, Muhammad Osama & Syed Ali Hamza
245 #0 - TITLE STATEMENT
Title Home Automation with Power Consumption (CODE BOOK)
260 ## - PUBLICATION, DISTRIBUTION, ETC.
Place of publication, distribution, etc. Karachi:
Name of publisher, distributor, etc. UITU,
Date of publication, distribution, etc. 2015
600 ## - SUBJECT ADDED ENTRY--PERSONAL NAME
Personal name Computer Science
650 ## - SUBJECT ADDED ENTRY--TOPICAL TERM
Topical term or geographic name entry element Bachelor of Computer Science (BS)

No items available.

Powered by Koha